Woodfall's practical treatise on the law of landlord and tenant (Record no. 113885)

MARC details
000 -LEADER
fixed length control field 00807cam a22002175a 4500
001 - CONTROL NUMBER
control field L155868
008 - FIXED-LENGTH DATA ELEMENTS--GENERAL INFORMATION
fixed length control field 120418s1843 xxk f 000 0 eng d
035 ## - SYSTEM CONTROL NUMBER
System control number (Sirsi) u155868
041 0# - LANGUAGE CODE
Language code of text/sound track or separate title eng
100 1# - MAIN ENTRY--PERSONAL NAME
Personal name Harrison, S. B.
Fuller form of name (Samuel Bealey)
Dates associated with a name 1802-1867
245 00 - TITLE STATEMENT
Title Woodfall's practical treatise on the law of landlord and tenant
Remainder of title with a full collection of precedents and forms of procedure, entirely remodeled and greatly enlarged
250 ## - EDITION STATEMENT
Edition statement 5th ed.
Remainder of edition statement by F.L. Wollaston
260 ## - PUBLICATION, DISTRIBUTION, ETC.
Place of publication, distribution, etc. London
Name of publisher, distributor, etc. H. Sweet
Date of publication, distribution, etc. 1843
300 ## - PHYSICAL DESCRIPTION
Extent lxiii, 1062 p.
Other physical details ill.
Dimensions 26 cm.
583 ## - ACTION NOTE
Action Condition reviewed
Time/date of action 20120620
Status condition level 4
651 #4 - SUBJECT ADDED ENTRY--GEOGRAPHIC NAME
Geographic name Great Britain
Chronological subdivision 1707-
690 ## - LOCAL SUBJECT ADDED ENTRY--TOPICAL TERM (OCLC, RLIN)
Topical term or geographic name as entry element Landlord and tenant
9 (RLIN) 6252
700 1# - ADDED ENTRY--PERSONAL NAME
Personal name Wollaston, F. L.
Fuller form of name (Frederick Luard)
700 1# - ADDED ENTRY--PERSONAL NAME
Personal name Woodfall, William
Dates associated with a name d. 1806
942 ## - ADDED ENTRY ELEMENTS (KOHA)
Suppress in OPAC 0
Holdings
Withdrawn status Lost status Damaged status Not for loan Home library Current library Shelving location Date acquired Total Checkouts Full call number Barcode Date last seen Copy number Price effective from Koha item type
        Historic collection Historic collection Historic collection 18/04/2012   LANDOWNING & ESTATE MANAGEMENT OCTAVO 1843 HARRISON 30077221 26/08/2025 1 06/08/2019 Book